<?xml version="1.0" encoding="UTF-8"?>
<marc:record xmlns:marc="http://www.loc.gov/MARC21/slim">
   <marc:leader>00000nam a2200000 a 4500</marc:leader>
   <marc:datafield ind1="1" ind2=" " tag="100">
      <marc:subfield code="a">Grimaldi, Virginie</marc:subfield>
      <marc:subfield code="4">aut</marc:subfield>
      <marc:subfield code="e">Verfasser/-in</marc:subfield>
   </marc:datafield>
   <marc:datafield ind1="1" ind2=" " tag="100">
      <marc:subfield code="a">Schwenk, Sabine</marc:subfield>
      <marc:subfield code="4">trl</marc:subfield>
      <marc:subfield code="e">Übersetzer/-in</marc:subfield>
   </marc:datafield>
   <marc:datafield ind1="0" ind2="0" tag="245">
      <marc:subfield code="a">Unser Sommer endet nie</marc:subfield>
   </marc:datafield>
   <marc:datafield ind1="0" ind2="0" tag="245">
      <marc:subfield code="b">Roman | Humorvoller und berührender Familienroman</marc:subfield>
   </marc:datafield>
   <marc:datafield ind1="0" ind2="0" tag="245">
      <marc:subfield code="c">Virginie Grimaldi</marc:subfield>
   </marc:datafield>
   <marc:datafield ind1=" " ind2="1" tag="264">
      <marc:subfield code="a">München</marc:subfield>
      <marc:subfield code="b">Eisele Verlag</marc:subfield>
      <marc:subfield code="c">2026</marc:subfield>
   </marc:datafield>
   <marc:datafield ind1=" " ind2=" " tag="250">
      <marc:subfield code="a">1. Auflage</marc:subfield>
   </marc:datafield>
   <marc:datafield ind1="1" ind2=" " tag="520">
      <marc:subfield code="a">Ein Sommer voller Erinnerungen, ein Haus voller Geheimnisse: Virginie Grimaldi erzählt von Schwestern, die einander neu finden  berührend, hoffnungsvoll und mit dem unverwechselbaren Charme der französischen Bestsellerautorin. #Hochsommer im französischen Baskenland  eine Woche werden die Schwestern Emma und Agathe Delorme hier verbringen, um das Haus ihrer Großmutter Mimi zu räumen. Je mehr sie durch alte Kleider, Bücher und Fotos stöbern, desto stärker kommen die Folgen von fünf Jahren ungeklärten Schweigens zum Vorschein. Zwischen Erinnerungen an endlose Sommer, alten Verletzungen und der Sehnsucht nach Nähe bleibt ihnen nur wenig Zeit, um das Vergangene zu überwinden und neu zueinanderzufinden. Grimaldi zeichnet mit feinem Gespür für menschliche Beziehungen ein bewegendes Porträt von Familie und Zusammenhalt. Ein Roman, der berührt, Hoffnung schenkt und zeigt, wie Erinnerungen uns tragen  und wie Familie uns immer wieder zurück ins Leben holt.</marc:subfield>
   </marc:datafield>
   <marc:datafield ind1=" " ind2=" " tag="020">
      <marc:subfield code="a">9783961612826</marc:subfield>
      <marc:subfield code="9">9783961612826</marc:subfield>
   </marc:datafield>
   <marc:datafield ind1=" " ind2=" " tag="041">
      <marc:subfield code="a">ger</marc:subfield>
   </marc:datafield>
   <marc:datafield ind1=" " ind2=" " tag="500">
      <marc:subfield code="a">&#x80; 17,50</marc:subfield>
   </marc:datafield>
   <marc:datafield ind1=" " ind2=" " tag="300">
      <marc:subfield code="a">352 Seiten</marc:subfield>
   </marc:datafield>
</marc:record>
